00377nam a2200145Ia 4500003000400000005001700004008004100021020001800062040000900080082001800089100002000107245004500127260005000172300000900222OSt20200611100200.0190216s9999||||xx |||||||||||||| ||und|| a9788183700849 coclc a201.61bSIN/P aSingh, M Kirti  0aPhilosophy And Religion /cM Kirti Singh bAkansha Publishing House,c2008.aNew DelhiL: a504p